000 00248nam a2200121 i 4500
001 bg
245 0 _aStahlfehleratlas.
260 _aleipzig,
_c1971.
040 _cBPK
041 _apol
942 _cKS
008 s pl f |000 0 pol
999 _c25715
_d25715
856 _uhttp://koha.tu.koszalin.pl/cgi-bin/koha/opac-detail.pl?biblionumber=25715
_yKatalog online BPK